000 00565nam a22001697a 4500
005 20231120064942.0
008 231120b |||||||| |||| 00| 0 eng d
020 _a9780409120905
041 _aEnglish
082 _a343.4 EAR
100 _aLexisNexis editorial staff
_lEnglish
245 _aEarly Reference Customs Handbook (Acts not yet effective) /
_cLexisNexis editorial staff
260 _aDurban :
_bLexisNexis (Pty) Ltd,
_c2014
300 _bvii, 489 pages ;
_c25 cm.
650 _aLegal practice
_bLaw
942 _cBK
_6ALISON_BN_VRIES
999 _c779
_d779